<?xml version="1.0" encoding="UTF-8"?>
<record
    xmlns:xsi="http://www.w3.org/2001/XMLSchema-instance"
    xsi:schemaLocation="http://www.loc.gov/MARC21/slim http://www.loc.gov/standards/marcxml/schema/MARC21slim.xsd"
    xmlns="http://www.loc.gov/MARC21/slim">

  <leader>02300nam a22001937a 4500</leader>
  <controlfield tag="003">IT-RoPau</controlfield>
  <controlfield tag="005">20220918175935.0</controlfield>
  <controlfield tag="008">121113b        xxu||||| |||| 00| 0 eng d</controlfield>
  <datafield tag="040" ind1=" " ind2=" ">
    <subfield code="c">IT-RoPau</subfield>
  </datafield>
  <datafield tag="100" ind1=" " ind2=" ">
    <subfield code="a">Alberione Giacomo</subfield>
    <subfield code="q">Fondatore Famiglia Paolina</subfield>
    <subfield code="9">19</subfield>
  </datafield>
  <datafield tag="245" ind1=" " ind2=" ">
    <subfield code="a">Prediche tenute alle Pie Discepole del Divin Maestro</subfield>
  </datafield>
  <datafield tag="250" ind1=" " ind2=" ">
    <subfield code="a">1</subfield>
  </datafield>
  <datafield tag="260" ind1=" " ind2=" ">
    <subfield code="a">Roma</subfield>
    <subfield code="b">PDDM</subfield>
    <subfield code="c">?1960?</subfield>
  </datafield>
  <datafield tag="300" ind1=" " ind2=" ">
    <subfield code="a">445 p.</subfield>
    <subfield code="c">29,5 cm</subfield>
  </datafield>
  <datafield tag="490" ind1=" " ind2=" ">
    <subfield code="v">Vol IX,2</subfield>
    <subfield code="x">Vol IX,2</subfield>
  </datafield>
  <datafield tag="500" ind1=" " ind2=" ">
    <subfield code="a">Come nel volume precedente</subfield>
  </datafield>
  <datafield tag="520" ind1=" " ind2=" ">
    <subfield code="a">Prefazione
310)Festa del SS. Nome di Ges&#xF9;
311)Festa del SS. Nome di Ges&#xF9;
312)Domenica II dopo l' Epifania
313)La donna associata allo zelo sacerdotale
314)Migliorare la piet&#xE0;
315)Domenica di Quinquagesima
316)Vivere nell'unione
317)Domenica I di Quaresima
318)Domenica II di Quaresima
319)Domenica IV di Quaresima
320)Vivere Ges&#xF9; Cristo, Maestro Via, Verit&#xE0; e Vita
321)Il lavoro spirituale unitario
322)La Settimana Santa
323)La Professione religiosa
324)I Principi evangelici nelle costituzioni
325)Impegno vocazionario
326)La Configurazione a Cristo
327)La santificazione del corpo
328)la Vita incorporata a Cristo
329)Il Progresso della Congregazione
330)Chiusura degli Esercizi SS
331)Solennit&#xE0; dell' Ascensione
332)Vivere nell' unione
333)Solennit&#xE0; del Corpus Domini
334)Domenica V dopo Pentecoste
335)Domenica VII dopo Pentecoste
336)Domenica IX dopo Pentecoste
337)La gloria di Dio: fine ultimo
338)La Nostra Santificazione: secondo fine
339)Vivere Ges&#xF9; Via,Verit&#xE0; e Vita
340)Come vivere il mistero del Cristo
341)Maria SS. nella nostra santificazione
342)Grazie da chiedersi
343)Mettersi alla scuola di Ges&#xF9; (Per la vestizione)
344)Domenica XVIII dopo Pentecoste
345)Maria SS. cuoca
346)Domenica XX dopo Pentecoste
347)Cercare la gloria di Dio
348)Ges&#xF9; maestro: Via e Verit&#xE0;
349)Ges&#xF9; maestro: Vita
350)La devozione a Maria SS.
351)Due specie di propositi
352)L' Avvento
353)Solennit&#xE0; dell' Immacolata Concez. Di Maria
354)Come cooperare alla Congregazione( Festa S. Lucia)
355)Preparazione al S. Natale: umilt&#xE0; e fede
356)Domenica IV di Avvento
357)Vigilia di Natale
358)Natale del signore  
359)Domenica fra l' ottava del Natale
Indici
I - Indice analitico
II - Indice delle citazioni bibliche
III - Indice delle citazioni varie
IV - Indice generale     </subfield>
  </datafield>
  <datafield tag="942" ind1=" " ind2=" ">
    <subfield code="2">ddc</subfield>
    <subfield code="c">BK</subfield>
  </datafield>
  <datafield tag="999" ind1=" " ind2=" ">
    <subfield code="c">37507</subfield>
    <subfield code="d">37507</subfield>
  </datafield>
  <datafield tag="952" ind1=" " ind2=" ">
    <subfield code="0">0</subfield>
    <subfield code="1">0</subfield>
    <subfield code="2">ddc</subfield>
    <subfield code="4">0</subfield>
    <subfield code="6">P_A1</subfield>
    <subfield code="7">1</subfield>
    <subfield code="a">PAULUS</subfield>
    <subfield code="b">PAULUS</subfield>
    <subfield code="d">2012-11-13</subfield>
    <subfield code="l">0</subfield>
    <subfield code="o">P A1</subfield>
    <subfield code="r">2012-11-13 00:00:00</subfield>
    <subfield code="w">2012-11-13</subfield>
    <subfield code="y">BK</subfield>
  </datafield>
</record>
